Statystyki dla Prowincje Kanady według skrótów

Kliknij tutaj aby rozwiązać quiz!

Ogólne statystyki

  • Ten quiz został rozwiązany 36 razy
  • Średni wynik to 5 z 13

Odpowiedzi na mapie

Odpowiedzi skodowane kolorowo w zielono-czerwonej skali na mapie do tego quizu, zgodnie z poniższymi procentami.
 

Statystyki odpowiedzi

AbbvProvince / Territory% Poprawnych
ABAlberta
78%
BCKolumbia Brytyjska
56%
ONOntario
56%
QBQuebec
56%
NUNunavut
44%
SKSaskatchewan
44%
MBManitoba
33%
NBNowy Brunszwik
22%
NSNowa Szkocja
22%
NTTerytoria Północno-Zachodnie
22%
PEWyspa Księcia Edwarda
22%
YTJukon
22%
NLNowa Fundlandia i Labrador
11%

Rozkład punktacji

Percentyl według liczby udzielonych odpowiedzi

Procent ludzi z każdym wynikiem

Twoja historia wyników

Nie rozwiązałeś tego quizu